Geography Quiz

Random Geography or State Quiz

Interstates Coast-to-Coast Quiz Stats

 Plays Quiz Updated Feb 14, 2014

     
Support Sporcle.
Go Orange.
Score 0/40 Timer 04:00
0 Plays Today
Hwy State % Correct
I-90Washington
93.7%
I-90Idaho
91.4%
I-90Montana
90.2%
I-80California
85.3%
I-90Wyoming
84.4%
I-80Nevada
84.1%
I-90South Dakota
83.6%
I-90Minnesota
82.4%
I-80Utah
82.2%
I-90Illinois
81.6%
I-90Wisconsin
81.6%
I-90Indiana
81.3%
I-90Ohio
81.3%
I-90Pennsylvania
80.6%
I-90New York
80.4%
I-80Wyoming
77.8%
I-40California
76.7%
I-80Nebraska
75.7%
I-10California
75.4%
I-40Arizona
74.8%
Hwy State % Correct
I-90Massachusetts
74.5%
I-40New Mexico
74.1%
I-80Iowa
74%
I-40Texas
73.8%
I-10Arizona
73.7%
I-80Illinois
73.6%
I-80Indiana
73.3%
I-80Ohio
73.1%
I-10New Mexico
72.9%
I-10Texas
72.6%
I-80Pennsylvania
72.4%
I-40Oklahoma
71.4%
I-10Louisiana
70.9%
I-10Mississippi
69.5%
I-40Arkansas
69.5%
I-80New Jersey
69.2%
I-10Alabama
68.9%
I-10Florida
68.5%
I-40Tennessee
67.3%
I-40North Carolina
65%

From the Vault

Remove Ads.
Support Sporcle.
Get the best of Sporcle when you Go Orange. This ad-free experience offers more features, more stats, and more fun while also helping to support Sporcle. Thank you for becoming a member.

Show Comments

Extras

Top Quizzes Today


Score Distribution

Your Account Isn't Verified!

In order to create a playlist on Sporcle, you need to verify the email address you used during registration. Go to your Sporcle Settings to finish the process.

Report this User

Report this user for behavior that violates our Community Guidelines.

Details: